Inteligencia humana
-д хадгалсан:
| Үндсэн зохиолч: | |
|---|---|
| Формат: | Ном |
| Хэл сонгох: | испани |
| Хэвлэсэн: |
Barcelona
Paidós
1987
|
| Цуврал: | Biblioteca Cognición y Desarrollo Humano, 8-9-10-11
|
| Нөхцлүүд: | |
| Шошгууд: |
Шошго нэмэх
Шошго байхгүй, Энэхүү баримтыг шошголох эхний хүн болох!
|
MARC
| LEADER | 00000nam a2200000 a 4500 | ||
|---|---|---|---|
| 001 | UCW6941 | ||
| 003 | CL-VaPUC | ||
| 008 | 920720e19870000SP |||||||||||||||||spa|d | ||
| 082 | 0 | 4 | |a 153 |b STE |2 21 |
| 100 | 0 | |a Sternberg, Robert J |e author |9 312025 | |
| 245 | 1 | 0 | |a Inteligencia humana |
| 300 | |a 4 v | ||
| 942 | |c BK | ||
| 945 | |d 19920720 00:00:00 | ||
| 260 | |a Barcelona |b Paidós |c 1987 | ||
| 500 | |a v.1: La naturaleza de la inteligencia y su medición | ||
| 500 | |a v.2: Cognición, personalidad e inteligencia | ||
| 500 | |a v.3: Sociedad, cultura e inteligencia | ||
| 500 | |a v.4: Evolución y desarrollo de la inteligencia | ||
| 650 | 0 | |a Inteligencia |9 267038 | |
| 650 | 0 | |a Cognición |9 270347 | |
| 650 | 7 | |a ONTOGENIA |2 CL-VaPUC |9 312026 | |
| 650 | 0 | |a Personalidad |9 307255 | |
| 650 | 0 | |a Atención |9 312027 | |
| 650 | 0 | |a Memoria |9 266549 | |
| 650 | 0 | |a Aprendizaje |9 254827 | |
| 583 | |a last modification |c 19920720 00:00:00 |k Rodrigo Vera | ||
| 490 | 0 | |a Biblioteca Cognición y Desarrollo Humano, 8-9-10-11 | |
| 999 | |c 219838 |d 219836 | ||
| 952 | |0 0 |1 0 |4 0 |6 153_000000000000000_STE_1987 |7 0 |8 A |9 211216 |a BIBEDU |b BIBEDU |d 2019-11-15 |h v.1 |i 2794764 |o 153 STE 1987 |p 2794764 |r 2019-11-15 |w 2019-11-15 |y BK |k EDU | ||
| 952 | |0 0 |1 0 |4 0 |6 153_000000000000000_STE_1987 |7 0 |8 A |9 211217 |a BIBEDU |b BIBEDU |d 2019-11-15 |h v.2 |i 2794772 |o 153 STE 1987 |p 2794772 |r 2019-11-15 |w 2019-11-15 |y BK |k EDU | ||
| 952 | |0 0 |1 0 |4 0 |6 153_000000000000000_STE_1987 |7 0 |8 A |9 211218 |a BIBEDU |b BIBEDU |d 2019-11-15 |h v.3 |i 2794780 |o 153 STE 1987 |p 2794780 |r 2019-11-15 |w 2019-11-15 |y BK |k EDU | ||
| 952 | |0 0 |1 0 |4 0 |6 153_000000000000000_STE_1987 |7 0 |8 A |9 211219 |a BIBEDU |b BIBEDU |d 2019-11-15 |h v.4 |i 2794799 |o 153 STE 1987 |p 2794799 |r 2019-11-15 |w 2019-11-15 |y BK |k EDU | ||
| 952 | |0 0 |1 0 |4 0 |6 153_000000000000000_STE_1987 |7 0 |8 A |9 211221 |a BIBEDU |b BIBEDU |d 2019-11-15 |h v.1 |i 354463K |o 153 STE 1987 |p 354463K |r 2019-11-15 |w 2019-11-15 |y BK |k PSI | ||
| 952 | |0 0 |1 0 |4 0 |6 153_000000000000000_STE_1987 |7 0 |8 A |9 211222 |a BIBEDU |b BIBEDU |d 2019-11-15 |h v.2 |i 3544648 |o 153 STE 1987 |p 3544648 |r 2019-11-15 |w 2019-11-15 |y BK |k PSI | ||
| 952 | |0 0 |1 0 |4 0 |6 153_000000000000000_STE_1987 |7 0 |8 A |9 211223 |a BIBEDU |b BIBEDU |d 2019-11-15 |h v.3 |i 3544656 |o 153 STE 1987 |p 3544656 |r 2019-11-15 |w 2019-11-15 |y BK |k PSI | ||
| 952 | |0 0 |1 0 |4 0 |6 153_000000000000000_STE_1987 |7 0 |8 A |9 211224 |a BIBEDU |b BIBEDU |d 2019-11-15 |h v.4 |i 3544664 |o 153 STE 1987 |p 3544664 |r 2019-11-15 |w 2019-11-15 |y BK |k PSI | ||
| 952 | |0 0 |1 0 |4 0 |6 153_000000000000000_STE_1987 |7 0 |8 A |9 211225 |a FDOPOS |b FDOPOS |d 2019-11-15 |i 368881K |o 153 STE 1987 |p 368881K |r 2025-01-22 |w 2019-11-15 |y BK |k MLA | ||
| 952 | |0 0 |1 0 |4 0 |6 153_000000000000000_STE_1987 |7 0 |8 A |9 211226 |a FDOPOS |b FDOPOS |d 2019-11-15 |h v.4 |i 3684164 |o 153 STE 1987 |p 3684164 |r 2025-01-22 |w 2019-11-15 |y BK |k MLA | ||
| 952 | |0 0 |1 0 |4 0 |6 153_000000000000000_STE_1987 |7 0 |8 A |9 211227 |a FDOPOS |b FDOPOS |d 2019-11-15 |h v.3 |i 4316274 |o 153 STE 1987 |p 4316274 |r 2025-01-22 |w 2019-11-15 |y BK |k MLA | ||